| 000 | 00586nam a22002057a 4500 | ||
|---|---|---|---|
| 999 |
_c3850 _d3850 |
||
| 003 | GBCCL | ||
| 005 | 20241126110505.0 | ||
| 008 | 171214b xxu||||| |||| 00| 0 eng d | ||
| 040 | _cgbc | ||
| 082 |
_a327.172 _bHAR |
||
| 100 |
_aHarris, Wilson _97585 |
||
| 245 |
_aProblems of the Peace / _cWilson Harris |
||
| 260 |
_aLondon: _bCambridge University Press, _c1944 |
||
| 300 |
_a116 p.; _c17 cm. |
||
| 440 |
_aCurrent Problems _v21 _97586 |
||
| 650 |
_aInternational cooperation. _93828 |
||
| 650 |
_a World War, 1939-1945 -- Peace. _910578 |
||
| 650 |
_aPeace. _93898 |
||
| 942 |
_2ddc _cBK |
||